LEADER 01159nam a2200265 i 4500 001 000000047523 003 CaOOAMICUS 005 20120314000000.0 008 120314s1973 it u000 u ita u 013 $a18693 040 $aSeMil$bita 100 1 $aDell'Oro, Angiolo Maros.$0(OLS)http://semarc/name/23607 245 10$aGiorgio Fox e i Quaccheri /$cAngiolo Maros Dell'Oro. 260 $aFossano (CN) :$bEditrice Esperienze,$ccopyr. 1973. 300 $a211 p. ;$c21 cm. 490 0 $aMaestri di spiritualitą 490 0 $aMaestri di spiritualitą. Cattolicesimo ed altre confessioni cristiane 500 $aContiene : Bibliografia. 650 4$aQuaccheri.$0(OLS)http://semarc/subject/10016 830 0$aMaestri di spiritualitą.$0(OLS)http://semarc/title/6247 830 0$aMaestri di spiritualitą. Cattolicesimo ed altre confessioni cristiane.$0(OLS)http://semarc/title/35664 850 $aSeMil 852 $aSeMil$W1$xVenegono$y1$m2C IV 197$j13678$B13678$CSeMilBibl$Z2$F13678 $81 996 $6245$aGiorgio Fox e i Quaccheri$9(OLS)http://semarc/title/71631 996 $6260$aFossano (CN) :$bEditrice Esperienze$9(OLS)http://semarc/publisher/31255 LEADER 00614nab a2200145 i 4500 001 000000309869 003 CaOOAMICUS 005 20180831173002.0 008 180831n xx uu u0 0und r 013 $a18964 040 $aSeMil$bita 100 1 $aScuola (La) Cattolica:, periodico.$0(OLS)http://semarc/name/88163 245 13$aIl Pellegrinaggio dei Cattolici Italiani a Roma. I: Gli scrittori della scuola Cattolica al S. Padre. 773 0 $t[Luglio-Dicembre].$g293-295$w()273971 996 $6245$aIl Pellegrinaggio dei Cattolici Italiani a Roma. I: Gli scrittori della scuola Cattolica al S. Padre$9(OLS)http://semarc/title/384842 LEADER 01080nam a2200265 i 4500 001 000000134245 003 CaOOAMICUS 005 20251121110641.0 008 050127s2003 it u000 u ita u 020 $a88-399-2413-2 040 $aSeMil$bita 100 1 $aAncona, Giovanni,$d<1956- >.$0(OLS)http://semarc/name/15093 245 10$aEscatologia cristiana /$cGiovanni Ancona. 264 1$aBrescia :$bQueriniana,$c2003. 300 $a414 p. ;$c24 cm 490 1 $aNuovo corso di teologia sistematica ;$v13 650 4$aEscatologia - Manuali.$0(OLS)http://semarc/subject/26379 830 0$aNuovo corso di teologia sistematica ;$v13.$0(OLS)http://semarc/title/456884 850 $aSeMil 852 $aSeMil$W1$xVenegono$y1$m2BA R 13$j266650$B88009$CSeMilBibl$Z2$F92296 $81 961 $aOmaggio: Caspani don Pierpaolo 996 $6020$a88-399-2413-2$9(OLS)http://semarc/number/121400 996 $6245$aEscatologia cristiana$9(OLS)http://semarc/title/442932 996 $6264$aBrescia :$bQueriniana$9(OLS)http://semarc/publisher/29615